| 000 | 01050nam a2200277 a 4500 | ||
|---|---|---|---|
| 999 |
_c11411 _d11411 |
||
| 001 | 11411 | ||
| 003 | BD-JhCC | ||
| 005 | 20210825134020.0 | ||
| 008 | 190611b 2013bg a|||| ||a| 000 0 ben d | ||
| 020 | _a9789848975794 | ||
| 035 | _a(BD-JhCC)11411 | ||
| 040 |
_aBD-JhCC _dBD-JhCC |
||
| 041 | _aben | ||
| 082 |
_bLAV 2013 _a923.1 |
||
| 100 | _aলাভরেতক্সি, আই | ||
| 245 |
_aআর্নেস্তো চে গুয়েভারা / _cআই লাভরেতক্সি, অনু: হাসান খুরশীদ রুমী, ওয়াহিদ দীপ্র, শওকত হোসেন । |
||
| 260 |
_aঢাকা: _bরোদেলা; _c২০১৩. |
||
| 300 |
_a৪১৪ পৃ. : _bill; _c২২ সেমি. |
||
| 600 | _aGuevara, Ernesto Che | ||
| 650 | _aBiography | ||
| 700 | _a রুমী, হাসান খুরশীদ | ||
| 700 | _aদীপ্র, ওয়াহিদ | ||
| 700 | _aহোসেন, শওকত | ||
| 942 |
_2ddc _cBK _03 |
||